UNDERSTANDING PATHOPHYSILOGY (Record no. 967)

MARC details
000 -LEADER
fixed length control field 00322nam a2200133Ia 4500
008 - FIXED-LENGTH DATA ELEMENTS--GENERAL INFORMATION
fixed length control field 150201s2000 xx 000 0 und d
082 ## - DEWEY DECIMAL CLASSIFICATION NUMBER
Classification number 616.07
Item number U00H
100 ## - MAIN ENTRY--PERSONAL NAME
Personal name HUETHER,SUE E
245 ## - TITLE STATEMENT
Title UNDERSTANDING PATHOPHYSILOGY
250 ## - EDITION STATEMENT
Edition statement 3RD
260 ## - PUBLICATION, DISTRIBUTION, ETC. (IMPRINT)
Name of publisher, distributor, etc. MOSBY ELSEVIER
Place of publication, distribution, etc. DELHI
Date of publication, distribution, etc. 2000
650 ## - SUBJECT ADDED ENTRY--TOPICAL TERM
Topical term or geographic name as entry element PATHOLOGY
942 ## - ADDED ENTRY ELEMENTS (KOHA)
Source of classification or shelving scheme Dewey Decimal Classification
Koha item type Books
Holdings
Withdrawn status Lost status Source of classification or shelving scheme Damaged status Not for loan Collection code Home library Current library Shelving location Date acquired Source of acquisition Cost, normal purchase price SGTU Bill Number Total Checkouts Full call number Barcode Date last seen Bill Date Koha item type
    Dewey Decimal Classification     MEDICAL SGT Medical Library SGT Medical Library Text Book 27/02/2010 U.B.S. DELHI 2995.00 SGTU 1008   616.07 U00H FM3847 09/02/2015 27/02/2010 Books